LEADER 01137nam--2200373---450- 001 990003089280203316 005 20080331143614.0 035 $a000308928 035 $aUSA01000308928 035 $a(ALEPH)000308928USA01 035 $a000308928 100 $a20080331d1995----km-y0itay50------ba 101 $aita 102 $aIT 105 $a||||||||001yy 200 1 $aFiabe di mare e di terra$enarrativa popolare dell'isola d'Ischia$fa cura di Ugo Vuoso 210 $aCasamicciola$cValentino$dcopyr. 1995 215 $a127 p.$d21 cm 225 2 $aStudi e ricerche$v1 300 $aIn testa al front.: Pubblicazioni del Ceic, Centro Etnografico Campano Istituto di studi storici e antropologici 410 0$12001$aStudi e ricerche$v1 454 1$12001 461 1$1001-------$12001 606 0 $aFiabe campane$yIschia$xAntologie 676 $a398.209 702 1$aVUOSO,$bUgo 801 0$aIT$bsalbc$gISBD 912 $a990003089280203316 951 $aO652$b7288 DBC$cO652 959 $aBK 969 $aDBC 979 $aDBC$b90$c20080331$lUSA01$h1436 996 $aFiabe di mare e di terra$9552383 997 $aUNISA LEADER 00912nam0-22003371i-450 001 990001779400403321 005 20210329130823.0 010 $a0-75-14-0108- 035 $a000177940 035 $aFED01000177940 035 $a(Aleph)000177940FED01 035 $a000177940 100 $a20021010d1988----km-y0itay50------ba 101 0 $aeng 102 $aGB 105 $aa 001yy 200 1 $aSeed dormancy and germination$fJ.W. Bradbeer. 210 $aLondon$cBlackie Academic & Professional$d1988 215 $aX, 146 p.$d20 cm 610 0 $aGerminazione$aSemi 676 $a581.334 676 $a571.862$v23$zita 700 1$aBradbeer,$bJ.W.$077551 801 0$aIT$bUNINA$gRICA$2UNIMARC 901 $aBK 912 $a990001779400403321 952 $a60 571.862 BRAJ 1988$b4262$fFAGBC 959 $aFAGBC 996 $aSeed dormancy and germination$9409629 997 $aUNINA DB $aING01